Science Quiz

Random Science Quiz

Vitamins by Effects of Deficiency Quiz Stats

 Plays Quiz not verified by Sporcle

Score 0/12 Timer 10:00
0 Plays Today
Effects of Deficiency Vitamin % Correct
scurvy; weak capillaries and venules causing diffuse ecchymoses and hemorrhaging; loosened teeth, glossitis, poor wound healingvitamin C
92.7%
impaired night vision, blindness; follicular hyperkeratosis, pneumonia, growth retardation, renal calculivitamin A
89.8%
pathologic fractures, excess osteoid, bow legs, tetany; rickets in children, osteomalacia in adultsvitamin D
87.5%
dry beri beri (peripheral neuropathy), wet beri beri (cardiomyopathy), Wenicke/Korsakoff syndromethiamine (B1)
81%
pellagra (diarrhea, dermatitis, dementia)niacin (B3)
75.7%
hemorrhagic disease of the newborn; GI bleeding and ecchymoses in adultsvitamin K
75.5%
megaloblastic anemia, neurologic disease, glossitiscobalamin (B12)
68.1%
hemolytic anemia, peripheral neuropathy, degeneration of posterior column and spinocerebellar tractvitamin E
56.4%
corneal neovascularization, glossitis, cheilosis, angular stomatitisriboflavin (B2)
55.1%
megaloblastic anemia, NO neurologic disease, glossitisfolic acid
55.1%
sideroblastic anemia, convulsions, peripheral neuropathypyridoxine (B6)
53%
dermatitis, alopecia, lactic acidosisbiotin
34.2%

You're not logged in!

Compare scores with friends on all Sporcle quizzes.
OR
Log In

Sporcle TV

Today on Sporcle TV


Watch our educational content, quiz creation guides, and fun videos on Sporcle TV.

Show Comments

Extras

Top Quizzes Today


Score Distribution

Your Account Isn't Verified!

In order to create a playlist on Sporcle, you need to verify the email address you used during registration. Go to your Sporcle Settings to finish the process.

Report this User

Report this user for behavior that violates our Community Guidelines.

Details: